00942nam a2200253 a 450000100060000000300080000600500170001400800410003102000150007203500190008704000270010604100130013308200280014610000260017424500560020025000420025626000570029830000290035550400560038465100500044094200120049099900170050295201690051957722BD-RjUL20211209080539.0161211s1998 sz a b 000 0 eng  a3908102693 a(BD-RjUL)57846 aDLCcDLCdBD-RjULbeng1 aenghger00a306.09494223bLES 19981 aLevy, René,917093214aThe social structure of Switzerland /cRené Levy. a5th ed., completely rev. and updated. aZürich :bPro Helvetia, Swiss Arts Council,c1998. a145 p. :bill. ;c21 cm. aIncludes bibliographical references (p. [142]-145). 0aSwitzerlandxSocial conditionsy1945-9171428 2ddccBK c57722d57722 00102ddc40718NFICaRUCLbRUCLcReadingd2012-01-15eswizerland, documentation information pressl0o306.09494 LES 1998r2016-12-11 00:00:00tC-1w2021-12-09yBK